[Event "B-Klasse 2013 (B68)"]
[Site "Berlin-Weißensee"]
[Date "2013.05.08"]
[Round "1.1"]
[White "Kreuchauf, Olaf"]
[Black "Muskewitz, Bernd"]
[Result "1/2-1/2"]
[WhiteElo "1743"]
[BlackElo "1986"]
[PlyCount "57"]
[EventDate "2013.??.??"]

1. c4 e5 2. g3 Nf6 3. Bg2 Nc6 4. d3 Bc5 5. e3 O-O 6. a3 a5 7. Nc3 d6 8. Nge2
Bd7 9. O-O Qc8 10. Re1 Re8 11. b3 Bh3 12. Bh1 Qg4 13. Nb5 Re7 14. Nec3 Qg6 15.
Nd5 Nxd5 16. Bxd5 Rae8 17. Bb2 Nd8 18. Bg2 Bxg2 19. Kxg2 c6 20. Nc3 f5 21. Qd2
Ne6 22. Na4 f4 23. b4 axb4 24. axb4 Ba7 25. Nc3 Bb8 26. Ne2 f3+ 27. Kxf3 Ng5+
28. Kg2 Qh5 29. Ng1 1/2-1/2

[Event "B-Klasse 2013 (B68)"]
[Site "Berlin-Weißensee"]
[Date "2013.05.08"]
[Round "1.2"]
[White "Kretzschmar, Jan"]
[Black "Stoeckel, Johannes"]
[Result "1/2-1/2"]
[WhiteElo "1842"]
[BlackElo "1843"]
[PlyCount "44"]
[EventDate "2013.??.??"]

1. d4 Nf6 2. Nf3 e6 3. e3 c5 4. c4 b6 5. d5 g6 6. Nc3 exd5 7. cxd5 d6 8. e4 Bg7
9. h3 O-O 10. Bd3 Ba6 11. O-O c4 12. Bc2 Nbd7 13. Be3 Nc5 14. Bxc5 dxc5 15. a4
Nd7 16. Re1 Re8 17. Rb1 Ne5 18. Nxe5 Bxe5 19. Qd2 Qf6 20. Rf1 Bf4 21. Qd1 Be5
22. Qd2 Bf4 1/2-1/2

[Event "B-Klasse 2013 (B68)"]
[Site "Berlin-Weißensee"]
[Date "2013.05.08"]
[Round "1.3"]
[White "Wierzbicki, Jirawat"]
[Black "Galley, Jakob"]
[Result "0-1"]
[WhiteElo "1704"]
[BlackElo "1790"]
[PlyCount "78"]
[EventDate "2013.??.??"]

1. e4 c5 2. c3 d5 3. exd5 Qxd5 4. d4 Nf6 5. Nf3 Bg4 6. dxc5 Qxd1+ 7. Kxd1 e5 8.
b4 e4 9. h3 exf3 10. hxg4 Nxg4 11. Ke1 fxg2 12. Bxg2 Nc6 13. Bf4 O-O-O 14. Bh3
f5 15. f3 Bxc5 16. Nd2 Rhe8+ 17. Ne4 Bb6 18. Kf1 Bc7 19. Bxc7 Kxc7 20. Bxg4
fxg4 21. Rxh7 Rd7 22. Re1 gxf3 23. Ng5 Rxe1+ 24. Kxe1 Ne5 25. Rxg7 Rxg7 26.
Ne6+ Kd6 27. Nxg7 Kd5 28. Nf5 Ke4 29. Nd6+ Ke3 30. Nf5+ Kf4 31. Nd4 Ng4 32. Kf1
Ne3+ 33. Kf2 Nd1+ 34. Ke1 Nxc3 35. a3 Ne4 36. a4 Ke3 37. Nf5+ Kd3 38. Nh4 f2+
39. Kf1 Kc4 0-1

[Event "B-Klasse 2013 (B68)"]
[Site "Berlin-Weißensee"]
[Date "2013.05.08"]
[Round "1.4"]
[White "Stegmann, Jens"]
[Black "Hoppensack, Manfred"]
[Result "0-1"]
[WhiteElo "1848"]
[BlackElo "2045"]
[PlyCount "83"]
[EventDate "2013.??.??"]

1. d4 e6 2. Nf3 Nf6 3. Bf4 Be7 4. e3 c5 5. c3 Nc6 6. Bd3 d5 7. Nbd2 Bd6 8. Bg5
h6 9. Bh4 cxd4 10. exd4 Qb6 11. Qb3 Qc7 12. Bg3 Bxg3 13. hxg3 Bd7 14. O-O O-O
15. Rfe1 a6 16. Qd1 Qb6 17. Rb1 Na5 18. Ne5 Bb5 19. Bxb5 Qxb5 20. g4 Nc6 21.
Qf3 Qa4 22. a3 Nxe5 23. dxe5 Nh7 24. Qd1 Qxd1 25. Rbxd1 Rfc8 26. Nb3 Rc4 27. f3
b6 28. Nd4 {(=)} Rac8 29. Rd2 Nf8 30. g3 Nd7 31. Re3 Kf8 32. Kf2 Ke7 33. Ke2
R4c7 34. Kf2 Nc5 35. Kg2 Rh8 36. Re1 Rcc8 37. Rh1 Nb7 38. Nb3 Rhd8 39. Nd4 Na5
40. Rd3 Nc4 41. Rb1 Nxe5 42. Re3 0-1

[Event "B-Klasse 2013 (B68)"]
[Site "Berlin-Weißensee"]
[Date "2013.05.09"]
[Round "2.1"]
[White "Muskewitz, Bernd"]
[Black "Stoeckel, Johannes"]
[Result "0-1"]
[WhiteElo "1986"]
[BlackElo "1843"]
[PlyCount "84"]
[EventDate "2013.??.??"]

1. d4 Nf6 2. c4 g6 3. f3 d5 4. cxd5 Nxd5 5. e4 Nb6 6. Nc3 Bg7 7. Be3 O-O 8. Rc1
e5 9. d5 c6 10. Qb3 cxd5 11. Bxb6 axb6 12. Nxd5 Be6 13. Bc4 Nc6 14. Nxb6 Nd4
15. Qb4 Qg5 16. Qd2 Qxd2+ 17. Kxd2 Bh6+ 18. Kd1 Rad8 19. Bd5 Bxc1 20. Kxc1 Bxd5
21. Nxd5 Rc8+ 22. Kb1 Rc2 23. Ne3 Rf2 24. Nh3 Re2 25. Ng4 f6 26. Ngf2 Rc8 27.
Rc1 Rxc1+ 28. Kxc1 Kf7 29. a4 Re1+ 30. Kd2 Ra1 31. f4 exf4 32. Nxf4 Rxa4 33. h4
Ne6 34. Nd5 Rd4+ 35. Ke3 f5 36. exf5 Rxd5 37. fxe6+ Kxe6 38. Nd3 Kf5 39. Nf2 h5
40. g3 Rb5 41. Nd3 Rb3 42. Kd2 Rxd3+ 0-1

[Event "B-Klasse 2013 (B68)"]
[Site "Berlin-Weißensee"]
[Date "2013.05.09"]
[Round "2.2"]
[White "Kreuchauf, Olaf"]
[Black "Wierzbicki, Jirawat"]
[Result "1/2-1/2"]
[WhiteElo "1743"]
[BlackElo "1704"]
[PlyCount "53"]
[EventDate "2013.??.??"]

1. c4 e5 2. g3 Nf6 3. Bg2 d5 4. cxd5 Nxd5 5. Nc3 Nb6 6. Nf3 Nc6 7. d3 Be7 8.
O-O O-O 9. Rb1 Be6 10. a3 a5 11. Be3 Nd5 12. Bd2 h6 13. Qc2 Nxc3 14. Bxc3 Nd4
15. Bxd4 exd4 16. Rfc1 c6 17. Qa4 Bf6 18. Nd2 Qb6 19. Nc4 Qa7 20. Qd1 Rad8 21.
b4 axb4 22. axb4 Rfe8 23. h3 Bxc4 24. Rxc4 Qa2 25. Rc2 Qe6 26. Rbb2 Ra8 27. Qb1
1/2-1/2

[Event "B-Klasse 2013 (B68)"]
[Site "Berlin-Weißensee"]
[Date "2013.05.09"]
[Round "2.3"]
[White "Hoppensack, Manfred"]
[Black "Kretzschmar, Jan"]
[Result "1-0"]
[WhiteElo "2045"]
[BlackElo "1842"]
[PlyCount "61"]
[EventDate "2013.??.??"]

1. e4 c5 2. Nf3 d6 3. d4 cxd4 4. Nxd4 Nf6 5. Nc3 a6 6. Be2 e5 7. Nb3 Be6 8. Bg5
Be7 9. Qd2 Qc7 10. f4 Nbd7 11. f5 Bc4 12. Rd1 Bxe2 13. Qxe2 O-O 14. O-O b5 15.
a3 Rac8 16. Rf2 Rfe8 17. Be3 Qc4 18. Qf3 Qc7 19. g4 d5 20. Nxd5 Nxd5 21. Rxd5
Nb6 22. Rd3 Nc4 23. Bc1 Qa7 24. Kf1 Rc7 25. g5 f6 26. h4 a5 27. Rg2 Kh8 28. Qh5
Rf8 29. g6 h6 30. Bxh6 Kg8 31. Bc1 1-0

[Event "B-Klasse 2013 (B68)"]
[Site "Berlin-Weißensee"]
[Date "2013.05.09"]
[Round "2.4"]
[White "Galley, Jakob"]
[Black "Stegmann, Jens"]
[Result "1-0"]
[WhiteElo "1790"]
[BlackElo "1848"]
[PlyCount "59"]
[EventDate "2013.??.??"]

1. e4 c5 2. Nf3 d6 3. Bb5+ Bd7 4. Bxd7+ Qxd7 5. O-O Nf6 6. e5 dxe5 7. Nxe5 Qc7
8. d4 e6 9. Bf4 Qd8 10. Qf3 Qd5 11. Nc3 Qxf3 12. Nxf3 cxd4 13. Nxd4 a6 14. Rad1
Be7 15. a3 O-O 16. Rfe1 Nbd7 17. Nf5 Bxa3 18. Nh6+ gxh6 19. bxa3 Rac8 20. Rd3
Kh8 21. Bxh6 Rg8 22. h3 Rc4 23. Bc1 h5 24. Bb2 Kh7 25. Ne4 Nxe4 26. Rxd7 Ng5
27. Re3 b5 28. Bf6 Ne4 29. Bd4 Nxf2 30. Rxf7+ 1-0

[Event "B-Klasse 2013 (B68)"]
[Site "Berlin-Weißensee"]
[Date "2013.05.09"]
[Round "3.1"]
[White "Wierzbicki, Jirawat"]
[Black "Muskewitz, Bernd"]
[Result "0-1"]
[WhiteElo "1704"]
[BlackElo "1986"]
[PlyCount "58"]
[EventDate "2013.??.??"]

1. e4 c5 2. c3 d5 3. exd5 Qxd5 4. d4 Nc6 5. Nf3 e5 6. Bb5 Bg4 7. Be2 e4 8. Ng1
Bf5 9. Be3 cxd4 10. cxd4 Bb4+ 11. Nc3 Qa5 12. Qc1 Nf6 13. a3 Bxc3+ 14. Qxc3 Qd8
15. Rd1 Nd5 16. Qb3 Qd7 17. Bc4 Na5 18. Qb5 Nxc4 19. Qxc4 Rc8 20. Qb3 O-O 21.
Ne2 Be6 22. Rc1 Nf4 23. Qd1 Nd3+ 24. Kf1 Nxc1 25. Bxc1 Bg4 26. Be3 Qb5 27. b4
Rc3 28. a4 Qc4 29. h3 Rd3 0-1

[Event "B-Klasse 2013 (B68)"]
[Site "Berlin-Weißensee"]
[Date "2013.05.09"]
[Round "3.2"]
[White "Stoeckel, Johannes"]
[Black "Hoppensack, Manfred"]
[Result "1/2-1/2"]
[WhiteElo "1843"]
[BlackElo "2045"]
[PlyCount "56"]
[EventDate "2013.??.??"]

1. Nf3 Nc6 2. d4 d5 3. c4 e6 4. b3 Nf6 5. g3 Ne4 6. Nbd2 Bb4 7. Bb2 dxc4 8.
bxc4 Nxd2 9. Nxd2 Nxd4 10. a3 Bxd2+ 11. Qxd2 Nb3 12. Qxd8+ Kxd8 13. Rd1+ Ke8
14. Bxg7 Rg8 15. Bf6 Bd7 16. Bg2 Bc6 17. Bxc6+ bxc6 18. O-O Rg6 19. Bc3 a5 20.
Rd3 Rd8 21. Rfd1 Rxd3 22. Rxd3 Nc1 23. Rd2 Nb3 24. Rd1 f6 25. a4 Nc5 26. Bxa5
Nxa4 27. Bxc7 Rg7 28. Ba5 Ra7 1/2-1/2

[Event "B-Klasse 2013 (B68)"]
[Site "Berlin-Weißensee"]
[Date "2013.05.09"]
[Round "3.3"]
[White "Stegmann, Jens"]
[Black "Kreuchauf, Olaf"]
[Result "0-1"]
[WhiteElo "1848"]
[BlackElo "1743"]
[PlyCount "78"]
[EventDate "2013.??.??"]

1. d4 f5 2. Nf3 d6 3. c4 Nf6 4. Nc3 g6 5. e3 Bg7 6. Be2 O-O 7. O-O Qe8 8. d5 e5
9. dxe6 Bxe6 10. Ng5 Bc8 11. Nb5 Na6 12. Rb1 h6 13. Nf3 Ne4 14. Nd2 Qe7 15. a3
Be5 16. f4 Bg7 17. Bf3 Nf6 18. Nb3 Ne8 19. Qc2 c6 20. N5d4 Nf6 21. Na5 Nc5 22.
b4 Nce4 23. Nab3 Bd7 24. c5 d5 25. a4 Rfc8 26. Be2 Ng4 27. Qd3 Qh4 28. Bxg4
fxg4 29. Rb2 g3 30. h3 Qe7 31. Nd2 Nf2 32. Qxg6 Kh8 33. Qxg3 Bxd4 34. exd4
Nxh3+ 35. Kh2 Rg8 36. Qe1 Qf7 37. gxh3 Bxh3 38. Kxh3 Qf5+ 39. Kh2 Qh5+ 0-1

[Event "B-Klasse 2013 (B68)"]
[Site "Berlin-Weißensee"]
[Date "2013.05.09"]
[Round "3.4"]
[White "Kretzschmar, Jan"]
[Black "Galley, Jakob"]
[Result "1/2-1/2"]
[WhiteElo "1842"]
[BlackElo "1790"]
[PlyCount "50"]
[EventDate "2013.??.??"]

1. d4 Nf6 2. Nf3 e6 3. Bg5 c5 4. c3 Nc6 5. e3 cxd4 6. exd4 Be7 7. Nbd2 d5 8.
Bd3 Bd7 9. O-O h6 10. Bxf6 Bxf6 11. b4 O-O 12. a4 a5 13. b5 Na7 14. c4 dxc4 15.
Nxc4 Nc8 16. Rc1 Nb6 17. Nce5 Rc8 18. Rc5 Be7 19. Rxc8 Bxc8 20. Bb1 Nd5 21. Qd3
f5 22. Rc1 Bg5 23. Rc5 b6 24. Nc6 Qe8 25. Rc4 Qh5 1/2-1/2

[Event "B-Klasse 2013 (B68)"]
[Site "Berlin-Weißensee"]
[Date "2013.05.10"]
[Round "4.1"]
[White "Muskewitz, Bernd"]
[Black "Hoppensack, Manfred"]
[Result "1/2-1/2"]
[WhiteElo "1986"]
[BlackElo "2045"]
[PlyCount "59"]
[EventDate "2013.??.??"]

1. d4 Nf6 2. c4 e6 3. Nf3 Bb4+ 4. Bd2 Qe7 5. g3 d5 6. Bg2 O-O 7. O-O Bxd2 8.
Nbxd2 b6 9. cxd5 exd5 10. Rc1 Bb7 11. Qc2 c6 12. Rfe1 Nbd7 13. e4 dxe4 14. Nxe4
Nxe4 15. Rxe4 Qd6 16. Rh4 Qg6 17. Qxg6 hxg6 18. Ne5 Nxe5 19. dxe5 Rac8 20. Rhc4
Rfd8 21. b4 Rc7 22. Bxc6 Bxc6 23. b5 Rd5 24. Rxc6 Re7 25. Rc8+ Kh7 26. R1c7
Rdxe5 27. a4 Re4 28. Rc4 g5 29. R8c7 Rxc7 30. Rxe4 1/2-1/2

[Event "B-Klasse 2013 (B68)"]
[Site "Berlin-Weißensee"]
[Date "2013.05.10"]
[Round "4.3"]
[White "Galley, Jakob"]
[Black "Stoeckel, Johannes"]
[Result "1/2-1/2"]
[WhiteElo "1790"]
[BlackElo "1843"]
[PlyCount "44"]
[EventDate "2013.??.??"]

1. e4 d5 2. exd5 Nf6 3. c4 c6 4. dxc6 Nxc6 5. Nf3 e5 6. Nc3 e4 7. Ng5 Bf5 8. f3
exf3 9. Nxf3 Qd7 10. Be2 Bc5 11. a3 Nd4 12. d3 Nxf3+ 13. gxf3 Qd4 14. Nb5 Qf2+
15. Kd2 O-O-O 16. Kc3 a6 17. Rf1 Qxh2 18. b4 axb5 19. bxc5 bxc4 20. Kxc4 Qe5
21. Bd2 Qd5+ 22. Kc3 Qd4+ $138 1/2-1/2

[Event "B-Klasse 2013 (B68)"]
[Site "Berlin-Weißensee"]
[Date "2013.05.10"]
[Round "4.4"]
[White "Kreuchauf, Olaf"]
[Black "Kretzschmar, Jan"]
[Result "1-0"]
[WhiteElo "1743"]
[BlackElo "1842"]
[PlyCount "51"]
[EventDate "2013.??.??"]

1. c4 Nf6 2. g3 e5 3. Bg2 c6 4. d4 e4 5. d5 Bb4+ 6. Bd2 Qa5 7. a3 Bxd2+ 8. Qxd2
Qxd2+ 9. Kxd2 cxd5 10. cxd5 Nxd5 11. Bxe4 Nf6 12. Bg2 d5 13. Nh3 Ne4+ 14. Ke1
Be6 15. Nf4 Nf6 16. Nc3 a6 17. Nfxd5 Nxd5 18. Nxd5 Bxd5 19. Bxd5 Ra7 20. Rc1
Kd7 21. Bxf7 b5 22. f3 Kd6 23. Ba2 Re7 24. Kf2 Rf8 25. Rhd1+ Ke5 26. Rc5+ 1-0

[Event "B-Klasse 2013 (B68)"]
[Site "Berlin-Weißensee"]
[Date "2013.05.11"]
[Round "5.2"]
[White "Hoppensack, Manfred"]
[Black "Galley, Jakob"]
[Result "1-0"]
[WhiteElo "2045"]
[BlackElo "1790"]
[PlyCount "71"]
[EventDate "2013.??.??"]

1. e4 c5 2. Nf3 d6 3. d4 cxd4 4. Nxd4 Nf6 5. Nc3 g6 6. Be2 Bg7 7. Be3 Nc6 8.
Qd2 Bd7 9. O-O-O a6 10. h3 b5 11. a3 Rc8 12. Nxc6 Bxc6 13. Bf3 O-O 14. e5 Ne8
15. Bxc6 Rxc6 16. f4 Qb8 17. Nd5 Qb7 18. Bd4 dxe5 19. fxe5 Re6 20. Nf4 Bh6 21.
g3 Nc7 22. Kb1 Nd5 23. Qf2 Bxf4 24. gxf4 Rc6 25. f5 b4 26. a4 Nc3+ 27. Bxc3
bxc3 28. b3 Qb4 29. Ka2 Rb8 30. Rd4 Qa5 31. Qf4 Rcb6 32. Rhd1 Rb4 {(=)} 33. f6
exf6 34. exf6 Kh8 35. Rxb4 Rxb4 36. Qxb4 1-0

[Event "B-Klasse 2013 (B68)"]
[Site "Berlin-Weißensee"]
[Date "2013.05.11"]
[Round "5.3"]
[White "Kretzschmar, Jan"]
[Black "Wierzbicki, Jirawat"]
[Result "0-1"]
[WhiteElo "1842"]
[BlackElo "1704"]
[PlyCount "98"]
[EventDate "2013.??.??"]

1. d4 d5 2. c4 dxc4 3. Nc3 a6 4. a4 Nf6 5. e4 e5 6. Be3 exd4 7. Bxd4 Bb4 8. f3
Nc6 9. Be3 Qxd1+ 10. Kxd1 Be6 11. Ke1 O-O-O 12. Nge2 Ne5 13. Nf4 Nd3+ 14. Bxd3
cxd3 15. Nxe6 fxe6 16. Kf2 Rhf8 17. Kg3 Bd6+ 18. Kh3 Nh5 19. Rhf1 Nf4+ 20. Bxf4
Bxf4 21. g3 Bd2 22. Nd1 Rd4 23. Kg2 Rfd8 24. Nf2 c5 25. Rfd1 Bb4 26. e5 R8d5
27. f4 c4 28. Kf3 b6 29. Ne4 h6 30. Rac1 Kb7 31. Nc3 Rd8 32. Rd2 Bxc3 33. bxc3
R4d5 34. Rb1 b5 35. a5 Kc6 36. Rb4 Rf8 37. h4 g5 38. hxg5 hxg5 39. Rb1 gxf4 40.
gxf4 Rxe5 41. Kg3 Ref5 42. Re1 Kd5 43. Rh2 Rxf4 44. Rh7 Rf1 45. Re3 Rd8 46. Rh6
d2 47. Rhxe6 Rg8+ 48. Kh2 Rh1+ 49. Kxh1 d1=Q+ 0-1

[Event "B-Klasse 2013 (B68)"]
[Site "Berlin-Weißensee"]
[Date "2013.05.11"]
[Round "5.4"]
[White "Stoeckel, Johannes"]
[Black "Kreuchauf, Olaf"]
[Result "1/2-1/2"]
[WhiteElo "1843"]
[BlackElo "1743"]
[PlyCount "36"]
[EventDate "2013.??.??"]

1. Nf3 c5 2. c4 Nf6 3. d4 cxd4 4. Nxd4 b6 5. Nc3 Bb7 6. Bg5 Ne4 7. Nxe4 Bxe4 8.
f3 Bb7 9. e4 h6 10. Bh4 g6 11. Rc1 Bg7 12. Rc2 O-O 13. Be2 d6 14. O-O Nc6 15.
Nxc6 Bxc6 16. Bd3 Qd7 17. Kh1 Qb7 18. Qe2 Ba4 1/2-1/2

[Event "B-Klasse 2013 (B68)"]
[Site "Berlin-Weißensee"]
[Date "2013.05.11"]
[Round "6.1"]
[White "Muskewitz, Bernd"]
[Black "Galley, Jakob"]
[Result "1-0"]
[WhiteElo "1986"]
[BlackElo "1790"]
[PlyCount "71"]
[EventDate "2013.??.??"]

1. d4 Nf6 2. c4 g6 3. f3 Bg7 4. e4 d6 5. Nc3 O-O 6. Be3 Nbd7 7. Bd3 e5 8. d5
Nh5 9. g4 Nf4 10. Qd2 Bh6 11. Kd1 Qh4 12. Nge2 Nxd3 13. Qxd3 Nc5 14. Qd2 Bxe3
15. Qxe3 a5 16. Kc2 Bd7 17. Raf1 f6 18. Qf2 Qxf2 19. Rxf2 Kf7 20. Ng3 Ke7 21.
h4 f5 22. exf5 gxf5 23. g5 Rg8 24. f4 e4 25. Nce2 Raf8 26. Nd4 h6 27. Rff1 hxg5
28. hxg5 Rh8 29. Ngxf5+ Kd8 {(=)} 30. Rxh8 Rxh8 31. Nh6 Re8 32. g6 e3 33. g7 e2
34. Re1 Ba4+ 35. b3 Bxb3+ 36. axb3 1-0

[Event "B-Klasse 2013 (B68)"]
[Site "Berlin-Weißensee"]
[Date "2013.05.11"]
[Round "6.3"]
[White "Kreuchauf, Olaf"]
[Black "Hoppensack, Manfred"]
[Result "0-1"]
[WhiteElo "1743"]
[BlackElo "2045"]
[PlyCount "40"]
[EventDate "2013.??.??"]

1. f4 d5 2. g3 Nc6 3. Nf3 Bg4 4. Bg2 Qd7 5. h3 Bxf3 6. Bxf3 e5 7. d3 O-O-O 8.
Nc3 Nf6 9. e4 dxe4 10. Nxe4 Nxe4 11. Bxe4 f5 12. Bxc6 Qxc6 13. O-O Bc5+ 14. Kh2
e4 15. Re1 exd3 16. cxd3 Rhe8 17. Rxe8 Rxe8 18. Bd2 Qd5 19. Bc3 Re3 20. Qf1 Rf3
0-1

[Event "B-Klasse 2013 (B68)"]
[Site "Berlin-Weißensee"]
[Date "2013.05.11"]
[Round "6.3"]
[White "Wierzbicki, Jirawat"]
[Black "Stoeckel, Johannes"]
[Result "0-1"]
[WhiteElo "1704"]
[BlackElo "1843"]
[PlyCount "44"]
[EventDate "2013.??.??"]

1. e4 d5 2. exd5 Nf6 3. d4 Nxd5 4. c4 Nb4 5. Qa4+ N8c6 6. d5 (6. a3 Na6 7. d5
Nc5) 6... b5 7. cxb5 Nd4 (7... Bf5) 8. Na3 e5 9. dxe6 Bxe6 10. Be3 Qh4 11. b6+
c6 12. b7 Rd8 (12... Rb8 13. Qxa7 Nbc2+) 13. Bxd4 (13. Rd1 Nbc2+ 14. Nxc2 Nf3+
(14... Nxc2+ 15. Qxc2) 15. Nxf3 Qxa4 16. Rxd8+ Kxd8 17. b8=Q+) 13... Qxd4 14.
Rd1 Nc2+ 15. Qxc2 Bb4+ 16. Ke2 Qe5+ 17. Kf3 Rxd1 18. b8=Q+ Qxb8 19. Qxd1 Bd5+
20. Kg4 h5+ 21. Kh3 Be6+ (21... Qc8+ 22. g4 hxg4+ 23. Kg3 Qc7+ 24. Kxg4 f5+ 25.
Kxf5 O-O+ 26. Kg6 Qf7+ 27. Kg5 Qf4+ 28. Kh5 Bf7#) 22. g4 Bxg4+ 0-1

[Event "B-Klasse 2013 (B68)"]
[Site "Berlin-Weißensee"]
[Date "2013.05.12"]
[Round "7.1"]
[White "Kretzschmar, Jan"]
[Black "Muskewitz, Bernd"]
[Result "1-0"]
[WhiteElo "1842"]
[BlackElo "1986"]
[PlyCount "73"]
[EventDate "2013.??.??"]

1. d4 d5 2. Nf3 c5 3. e3 Nc6 4. c4 e6 5. cxd5 exd5 6. a3 Nf6 7. Be2 Bf5 8. O-O
c4 9. Nc3 Bd6 10. Nh4 Be6 11. g3 a6 12. e4 Be7 13. e5 Ne4 14. Ng2 O-O 15. Ne3
Nxc3 16. bxc3 f6 17. exf6 Bxf6 18. a4 Na5 19. Rb1 Nb3 20. Rxb3 cxb3 21. Qxb3
Qd7 22. Re1 Rac8 23. f4 Rc7 24. Bf3 Rd8 25. Ba3 Qc6 26. Bc5 Rcd7 27. c4 Bf7 28.
cxd5 Qc7 29. Qb4 Re8 30. Kf2 g6 31. Bg4 Rdd8 32. Bb6 Qd6 33. Bc5 Qb8 34. Qb6
Bg7 35. Be6 Bf8 36. Ng4 Bxc5 37. Bxf7+ 1-0

[Event "B-Klasse 2013 (B68)"]
[Site "Berlin-Weißensee"]
[Date "2013.05.12"]
[Round "7.2"]
[White "Galley, Jakob"]
[Black "Kreuchauf, Olaf"]
[Result "0-1"]
[WhiteElo "1790"]
[BlackElo "1743"]
[PlyCount "96"]
[EventDate "2013.??.??"]

1. e4 c5 2. Nf3 a6 3. d4 cxd4 4. Nxd4 Nf6 5. Nc3 e5 6. Nf3 Bb4 7. Bd2 O-O 8.
Bd3 Bxc3 9. Bxc3 d5 10. exd5 e4 11. Bxf6 Qxf6 12. Bxe4 Re8 13. Qd3 Bf5 14. Nd2
Nd7 15. f3 Nc5 16. Qe3 Nxe4 17. fxe4 Bxe4 18. Nxe4 Qh4+ 19. g3 Rxe4 20. gxh4
Rxe3+ 21. Kf2 Rh3 22. Rad1 Rxh4 23. Rhe1 Rxh2+ 24. Kg3 Rxc2 25. d6 Rcc8 26. Re7
b5 27. Kf4 Kf8 28. Ke5 Re8 29. Rxe8+ Kxe8 30. Rc1 h5 31. Rc7 h4 32. Kd5 g5 33.
Kc6 h3 34. Re7+ Kf8 35. Kb7 Rd8 36. Kc7 Rxd6 37. Kxd6 h2 38. Re1 g4 39. Ke5 g3
40. Kf6 g2 41. Rc1 Ke8 42. Re1+ Kd7 43. Kxf7 g1=Q 44. Re7+ Kd6 45. Re6+ Kd5 46.
Rxa6 h1=Q 47. a4 Qf3+ 48. Ke8 Qg8+ 0-1